000 01236cam a2200313 a 4500
001 654238
003 ARRUPE
005 20131127131229.0
008 940914s1994 nyu b 001 0 eng
010 _a 94036878
020 _a0883449722 (Orbis : paper) :
_c$16.95
020 _a0334025885 (SCM : paper)
040 _aDLC
_cDLC
_dDLC
050 0 0 _aBX1395
_b.T72 1994
100 1 _aTracy, David.
_94190
245 1 0 _aOn naming the present :
_breflections on God, hermeneutics, and Church /
_cDavid Tracy.
260 _aMaryknoll, N.Y. :
_bOrbis Books ;
_aLondon, England :
_bSCM Press,
_cc1994.
300 _axiii, 146 p. ;
_c24 cm.
490 1 _aConcilium series
504 _aIncludes bibliographical references and index.
610 2 0 _aCatholic Church
_xDoctrines
_xHistory
_y20th century.
_94191
650 0 _aModernism (Christian theology)
_xCatholic Church.
_94192
650 0 _aPostmodernism
_xReligious aspects
_xCatholic Church.
_94193
650 0 _aTheology.
_94194
830 0 _aConcilium series (Maryknoll, N.Y.)
_94195
906 _a7
_bcbc
_corignew
_d1
_eocip
_f19
_gy-gencatlg
942 _2lcc
_cMONOGRAPH
999 _c118775
_d118775